Contextual theology across cultures / (Record no. 44544)
[ view plain ]
| 000 -LEADER | |
|---|---|
| fixed length control field | 00629nam a22001817a 4500 |
| 008 - FIXED-LENGTH DATA ELEMENTS--GENERAL INFORMATION | |
| fixed length control field | 150414b xxu||||| |||| 00| 0 eng d |
| 024 ## - OTHER STANDARD IDENTIFIER | |
| Standard number or code | 9966888071 |
| 050 ## - LIBRARY OF CONGRESS CALL NUMBER | |
| Classification number | BR115.C8 |
| Item number | M83 2009 |
| 100 ## - MAIN ENTRY--PERSONAL NAME | |
| Personal name | Mugambi, J. N. Kanyua (Jesse Ndwiga Kanyua) |
| 245 ## - TITLE STATEMENT | |
| Title | Contextual theology across cultures / |
| Statement of responsibility, etc | by Jesse N.K. Mugambi and Michael R. Guy. |
| 260 ## - PUBLICATION, DISTRIBUTION, ETC. (IMPRINT) | |
| Place of publication, distribution, etc | Nairobi, Kenya : |
| Name of publisher, distributor, etc | Acton Publishers, |
| Date of publication, distribution, etc | 2009. |
| 300 ## - PHYSICAL DESCRIPTION | |
| Extent | 342 p. ; |
| Dimensions | 21 cm. |
| 500 ## - GENERAL NOTE | |
| General note | Includes bibliographical references. |
| 650 ## - SUBJECT ADDED ENTRY--TOPICAL TERM | |
| Topical term or geographic name as entry element | Christianity and culture. |
| 650 ## - SUBJECT ADDED ENTRY--TOPICAL TERM | |
| Topical term or geographic name as entry element | Theology, Doctrinal. |
| 700 ## - ADDED ENTRY--PERSONAL NAME | |
| Personal name | Guy, Michael R. |
| 942 ## - ADDED ENTRY ELEMENTS (KOHA) | |
| Source of classification or shelving scheme | Library of Congress Classification |
| Item type | Book |
| Withdrawn status | Lost status | Source of classification or shelving scheme | Damaged status | Not for loan | Collection code | Home library | Current library | Shelving location | Date acquired | Source of acquisition | Total Checkouts | Full call number | Barcode | Date last borrowed | Copy number | Price effective from | Koha item type |
|---|---|---|---|---|---|---|---|---|---|---|---|---|---|---|---|---|---|
| Library of Congress Classification | Non-fiction | Bishop Okullu Memorial Library (Limuru Campus) | Bishop Okullu Memorial Library (Limuru Campus) | General Circulation | 14/04/2015 | Donation | 3 | BR115.C8 M83 2009 | 043540 | 07/08/2019 | 1 | 14/04/2015 | Book | ||||
| Library of Congress Classification | Non-fiction | Bishop Okullu Memorial Library (Limuru Campus) | Bishop Okullu Memorial Library (Limuru Campus) | General Circulation | 14/04/2015 | Donation | 2 | BR115.C8 M83 2009 | 043541 | 03/05/2019 | 2 | 14/04/2015 | Book |